000 01113mam a22003494a 4500
001 3354024
003 ARRUPE
005 20151008160625.0
008 011113s2002 enk b 001 0 eng
010 _a 2001052973
020 _a0521790883
020 _a0521794099 (pbk.)
035 _a(OCoLC)ocm48515882
035 _a(NNC)3354024
040 _aDLC
_cDLC
_dC#P
041 1 _aeng
_hger
042 _apcc
043 _ae-gx---
050 0 0 _aB3051.A35
_bF6713 2002
082 0 0 _a193
_221
100 1 _aHerder, Johann Gottfried,
_d1744-1803.
_918769
240 1 0 _aWorks.
_kSelections.
_lEnglish.
_f2002
245 1 0 _aPhilosophical writings /
_cJohann Gottfried von Herder ; translated and edited by Michael N. Forster.
260 _aCambridge ;
_aNew York :
_bCambridge University Press,
_c2002.
300 _axliv, 436 p. ;
_c24 cm.
490 1 _aCambridge texts in the history of philosophy
504 _aIncludes bibliographical references and index.
650 0 _aPhilosophy, German
_y18th century.
_91663
700 1 _aForster, Michael N.
_920203
942 _2lcc
_cMONOGRAPH
999 _c123491
_d123491